000 00583nam a2200181 i 4500
001 89730
003 ES-MaACL
005 20230906180245.0
007 t|
008 050112s1973 sp ||||1| spa d
100 1 _aLawrence, Paul R.
_970751
245 1 0 _aOrganización y ambiente /
_cPaul R. Lawrence y Jay W. Lorsch ; [traducción de Juan Antonio Matías Oyagüe].
260 _aBarcelona :
_bLabor,
_c[1973]
300 _a260 p. :
_bil. ;
_c23 cm.
700 1 _aLorsch, Jay W.
_974236
700 1 _aMatías Oyagüe, Juan Antonio.
_979067
852 _aES-MaACL
_jC-55451
_bR.88068
999 _c89730
_d89730